Μάντεψε τις Ευρωπαϊκές Χώρες που Σχεδιάζονται - Statistics

General Stats
  • This quiz has been taken 8 times
  • The average score is 7 of 16
Answers on the Map
Answers color-coded by a green-red scale on the quiz's map according to % correct below.
 
Answer Stats
TYPEIN % Correct
Ρουμανία
100%
Βέλγιο
100%
Κροατία
100%
Ολλανδία
100%
Νορβηγία
100%
Βατικανό
100%
Αυστρία
75%
Ιρλανδία
75%
Ουγγαρία
67%
Λετονία
67%
Ισπανία
67%
Λευκορωσία
50%
Ανδόρρα
50%
Βοσνία και Ερζεγοβίνη
50%
Βουλγαρία
50%
Εσθονία
50%
Λιθουανία
50%
Πολωνία
50%
Πορτογαλία
50%
Σλοβενία
50%
Ουκρανία
50%
Αλβανία
40%
Βόρεια Μακεδονία
33%
Μαυροβούνιο
33%
Δανία
33%
Γαλλία
33%
Μάλτα
33%
Μονακό
25%
Σερβία
0%
Κόσοβο
0%
Σλοβακία
0%
Άγιος Μαρίνος
0%
Λουξεμβούργο
0%
Λίχτενσταϊν
0%
Ηνωμένο Βασίλειο
0%
Τσεχία
0%
Φινλανδία
0%
Γερμανία
0%
Ελλάδα
0%
Ισλανδία
0%
Ιταλία
0%
Μολδαβία
0%
Ρωσία
0%
Σουηδία
0%
Ελβετία
0%
No matching quizzes found
Score Distribution
Percent of People with Each Score
Percentile by Number Answered
Your Score History
You have not taken this quiz